St. Louis Cardinals World Series Titles - Statistics

General Stats
  • This quiz has been taken 33 times
  • The average score is 8 of 11
Answer Stats
Opponent Year % Correct
Texas Rangers 2011
92%
Detroit Tigers 2006
88%
Milwaukee Brewers 1982
79%
New York Yankees 1926
71%
St. Louis Browns 1944
71%
Boston Red Sox 1946
71%
New York Yankees 1964
71%
Boston Red Sox 1967
71%
Philadelphia Athletics 1931
67%
Detroit Tigers 1934
67%
New York Yankees 1942
67%
No matching quizzes found
Score Distribution
Percent of People with Each Score
Percentile by Number Answered
Your Score History
You have not taken this quiz